000 00247nam a2200109Ia 4500
008 220204s9999 xx 000 0 und d
082 _a681.31PAS
_bCHI
100 _aChirlian, Paul M
245 0 _aPascal
260 _aDelhi
_bBPB
_c1986
942 _cBK
999 _c40618
_d40618